Escuela y familia: una relación necesaria para educar en la diversidad /
Uloženo v:
| Hlavní autor: | |
|---|---|
| Médium: | Text |
| Témata: | |
| Tagy: |
Přidat tag
Žádné tagy, Buďte první, kdo vytvoří štítek k tomuto záznamu!
|
MARC
| LEADER | 00000 a a2200000 04500 | ||
|---|---|---|---|
| 001 | 41298 | ||
| 003 | |||
| 005 | 20240820103709.0 | ||
| 040 | |||
| 100 | |a Schleef, Hella | ||
| 245 | |a Escuela y familia: |b una relación necesaria para educar en la diversidad / |c Hella Schleef | ||
| 650 | |a FAMILIA | ||
| 650 | |a EDUCACION | ||
| 650 | |a NIÑEZ | ||
| 773 | |g volumen14, número7 (2007), páginas 63-64 | ||
| 999 | |c 25610 |d 25610 | ||
| 773 | 0 | |0 43354 |9 11525 |a Universidad Nacional de Costa Rica. |d Heredia, Costa Rica: Universidad Nacional. Facultad de Filosofía y Letras |o 05173 |t DEHUIDELA Revista/ |x 1659-4304 | |
